000 00848cam a22002174a 4500
005 20250605164230.0
008 250528s ||||||||||||||||||||||||d
035 _a20935
020 _a9780702030253
040 _aGR-AtMCL
_bgre
_dGR-AtMCL
_eAACR2
245 1 _aSpecial Tests in Musculoskeletal Examination / An Evidence-Based Guide for Clinicians
250 _a1st
260 _bChurchill Livingstone - Elsevier,
_c2010
300 _a282
520 _aThe proliferation of special tests used in musculoskeletal examination has left the clinician with a vast of array of physical tests at their disposal. Acknowledgements, Foreword, Introduction, Shoulder, Elbow, Wrist and Hand, Hip, Knee, Ankle and Foot.
700 1 _aHattam Paul
_96922
700 1 _aSmeatham Alison
_96923
942 _cBK
999 _c6012
_d6012